00224 a2200109 4500001000700000020000600007040001100013100002800024240002900052245002400081362000900105181084 a  cMagnum aBrandao, Maria do Carmo10aAdeus, mister hardylpor10aAdeus, mister hardy0 a1899